Statistics for General Knowledge Quiz #141

Click here to take the quiz!

General Stats

  • This quiz has been taken 47,590 times
    (28,190 since last reset)
  • The average score is 13 of 20

Answer Stats

QuestionAnswer% Correct
What is the name for water that has been blessed by a priest?{Holy} Water
97%
What is the Bishop of Rome better known as?The Pope
91%
What type of bat feeds off the blood of other animals?Vampire Bat
88%
What is the French word for snail?Escargot
86%
What is a polygraph test more commonly known as?Lie Detector Test
86%
What country's official name is the Republic of China?Taiwan
80%
What seed, commonly found on muffins and bagels, can cause one to fail a drug test?Poppyseeds
77%
Who was born on the island of Corsica, exiled to the island of Elba, and died
on the island of St. Helena?
Napoleon Bonaparte
76%
What aquatic flower is sacred to Buddhism and Hinduism?Lotus
68%
Who sang "My Way"? (the most famous version)Frank Sinatra
67%
What has been called "the worst form of government, except for all the others"?Democracy
66%
Who directed the movies "Vertigo" and "The Birds"?Alfred Hitchcock
63%
What country was occupied by Spain, the United States, and Japan
before becoming independent?
Philippines
60%
What war was the subject of "The Iliad"?Trojan War
60%
What is aioli very similar to?Mayonnaise
58%
What personality disorder is characterized by destructive excitement seeking
and a lack of empathy?
Psychopathy
58%
What delta do "Delta Blues" come from?Mississippi Delta
50%
What British territory is located in the Atlantic Ocean, about 600 miles
east of North Carolina?
Bermuda
42%
What historical person is famous for saying "We are not amused", but may
have never said it?
Queen Victoria
39%
What industry employs "roughnecks"?Oil Industry
34%

Score Distribution

Percentile by Number Answered

Percent of People with Each Score

Your Score History

You have not taken this quiz since the last reset